Cell physiology (Record no. 20872)

MARC details
000 -LEADER
fixed length control field 00321nam a2200133Ia 4500
082 ## - DEWEY DECIMAL CLASSIFICATION NUMBER
Classification number 576.32/.36
Item number GIE
100 ## - MAIN ENTRY--AUTHOR NAME
Personal name GIESE, Arthur C
245 #0 - TITLE STATEMENT
Title Cell physiology
250 ## - EDITION STATEMENT
Edition statement Ed.3
260 ## - PUBLICATION, DISTRIBUTION, ETC. (IMPRINT)
Place of publication Philadelphia
Name of publisher Saunders
Year of publication 1968
650 ## - SUBJECT ADDED ENTRY--TOPICAL TERM
Topical Term Cell physiology
942 ## - ADDED ENTRY ELEMENTS (KOHA)
Koha item type Books
Holdings
Withdrawn status Lost status Damaged status Not for loan Home library Current library Date acquired Full call number Accession Number Koha item type
        RRII Library RRII Library 16/12/2021 576.32/.36 GIE 01594 Books